Statistiken für Obst & Beeren

Klicken Sie hier um das Quiz zu spielen!

Allgemein

  • Dieses Quiz wurde 719 mal gespielt
  • Das Durchschnittsergebnis liegt bei 11 aus 15

Antwortstatistiken

Antwort% Korrekt
Erdbeeren
98%
Bananen
97%
Birnen
95%
Himbeeren
91%
Zitronen
90%
Blaubeeren
86%
Pfirsiche
80%
Kirschen
79%
Äpfel
78%
Weintrauben
73%
Aprikosen
55%
Kiwis
53%
Pflaumen
50%
Litschis
45%
Stachelbeeren
41%

Verteilung der Resultate

Perzentil nach korrekt beantworteten Fragen

Anzahl Personen mit jedem Resultat

Ihre Resultats-Entwicklung

Sie haben dieses Quiz noch nicht gespielt